<?xml version="1.0" encoding="UTF-8"?>
<marc:record xmlns:marc="http://www.loc.gov/MARC21/slim">
   <marc:leader>00000nam a2200000 a 4500</marc:leader>
   <marc:datafield ind1="1" ind2=" " tag="100">
      <marc:subfield code="a">Engler, Michael</marc:subfield>
      <marc:subfield code="4">aut</marc:subfield>
      <marc:subfield code="e">Verfasser/-in</marc:subfield>
   </marc:datafield>
   <marc:datafield ind1="1" ind2=" " tag="100">
      <marc:subfield code="a">Swaney, Julianna</marc:subfield>
      <marc:subfield code="4">ill</marc:subfield>
      <marc:subfield code="e">Illustrator/-in</marc:subfield>
   </marc:datafield>
   <marc:datafield ind1=" " ind2=" " tag="653">
      <marc:subfield code="a">Softcover / Kinder- und Jugendbücher/Erzählerische Bilderbücher</marc:subfield>
   </marc:datafield>
   <marc:datafield ind1=" " ind2=" " tag="653">
      <marc:subfield code="a">geschenke</marc:subfield>
   </marc:datafield>
   <marc:datafield ind1=" " ind2=" " tag="653">
      <marc:subfield code="a">oma</marc:subfield>
   </marc:datafield>
   <marc:datafield ind1=" " ind2=" " tag="653">
      <marc:subfield code="a">bilderbuch</marc:subfield>
   </marc:datafield>
   <marc:datafield ind1=" " ind2=" " tag="653">
      <marc:subfield code="a">kinderbuch ab 3 jahre</marc:subfield>
   </marc:datafield>
   <marc:datafield ind1=" " ind2=" " tag="653">
      <marc:subfield code="a">oma erzähl mal</marc:subfield>
   </marc:datafield>
   <marc:datafield ind1=" " ind2=" " tag="653">
      <marc:subfield code="a">du wirst oma</marc:subfield>
   </marc:datafield>
   <marc:datafield ind1=" " ind2=" " tag="653">
      <marc:subfield code="a">liebe</marc:subfield>
   </marc:datafield>
   <marc:datafield ind1=" " ind2=" " tag="653">
      <marc:subfield code="a">Erzählerische Bilderbücher</marc:subfield>
   </marc:datafield>
   <marc:datafield ind1="0" ind2="0" tag="245">
      <marc:subfield code="a">Oma kann alles</marc:subfield>
   </marc:datafield>
   <marc:datafield ind1="0" ind2="0" tag="245">
      <marc:subfield code="c">Michael Engler</marc:subfield>
   </marc:datafield>
   <marc:datafield ind1=" " ind2="1" tag="264">
      <marc:subfield code="a">München</marc:subfield>
      <marc:subfield code="b">arsEdition</marc:subfield>
      <marc:subfield code="c">2026</marc:subfield>
   </marc:datafield>
   <marc:datafield ind1=" " ind2=" " tag="250">
      <marc:subfield code="a">1. Auflage</marc:subfield>
   </marc:datafield>
   <marc:datafield ind1="1" ind2=" " tag="520">
      <marc:subfield code="a">OMA kann alles – ein Buch über die besondere Verbindung zwischen Oma und Enkelkind
&lt;br&gt;
Omas sind echte Zauberinnen – sie verwandeln den Alltag in Abenteuer, schenken Trost in schwierigen Momenten und stehen immer mit offenen Armen bereit. „Oma kann alles“ feiert die einzigartige Verbindung zwischen der Oma und ihrem Enkelkind mit einer warmherzigen Geschichte und liebevollen Illustrationen. Dieses Bilderbuch ist ein perfektes Geschenk für Kinder ab 3 Jahren und für alle Omas, die das Leben ihrer Enkel jeden Tag aufs Neue verzaubern.
&lt;br&gt;
Magische Erinnerungen: Autor Michael Engler erzählt gekonnt und warmherzig von den kleinen, liebevollen Augenblicken, die Omas zu etwas ganz Besonderem machen Wunderschöne Illustrationen: Julianna Swaneys gefühlvolle Illustrationen sind perfekt zum gemeinsamen Blättern und Staunen Ein Geschenk fürs Herz: Ideal für werdende Omas, zum Geburtstag oder einfach, um „Danke“ zu sagen Kindgerecht und nah: Die Geschichte zeigt Kindern ab 3 Jahren, wie wertvoll die Zeit mit Oma ist, und schafft unvergessliche Vorlesemomente
Oma ist immer für dich da!
„OMA kann alles“ fängt die kleinen Wunder des Alltags ein und zeigt, warum Omas so wichtig sind. Ob als Geschenk, zum Geburtstag oder zum Vorlesen an gemütlichen Nachmittagen: Dieses Bilderbuch ist eine großartige Liebeserklärung an alle Omas, die das Leben ihrer Enkel mit Magie erfüllen.
&lt;br&gt;
</marc:subfield>
   </marc:datafield>
   <marc:datafield ind1=" " ind2=" " tag="020">
      <marc:subfield code="a">9783845865157</marc:subfield>
      <marc:subfield code="9">9783845865157</marc:subfield>
   </marc:datafield>
   <marc:datafield ind1=" " ind2=" " tag="020">
      <marc:subfield code="a">3845865156</marc:subfield>
      <marc:subfield code="9">3845865156</marc:subfield>
   </marc:datafield>
   <marc:datafield ind1=" " ind2=" " tag="041">
      <marc:subfield code="a">ger</marc:subfield>
   </marc:datafield>
   <marc:datafield ind1=" " ind2=" " tag="300">
      <marc:subfield code="a">32 Seiten</marc:subfield>
   </marc:datafield>
</marc:record>
